000 00697cab a2200205 4500
001 ABS37063
008 090401t1986 xxu||||| |||| 00| 0 eng d
035 _a(Sirsi) u2012
041 _aeng
100 _aRidout, G.
245 _aConcrete achievement
260 _c1986
350 _a0
490 _aBuilding
_v251 (7472) 21 November 1986, 57-61(5)
520 _aDescribes the progress of the construction management project currently being undertaken at Chelsea Harbour in London . Reinforced concrete is being used with success to build at high speed. Photos.
650 _aFAST TRACK CONSTRUCTION
690 _aBUILT ENVIRONMENT-BUILDING MATERIALS
942 _n0
948 _c04/03/1997
999 _c1193
_d1193